Normal view
MARC view
Entry Personal Name
001 - CONTROL NUMBER
- control field: 40327
003 - CONTROL NUMBER IDENTIFIER
- control field: ARRUPE
005 - DATE AND TIME OF LATEST TRANSACTION
- control field: 20180307154701.0
008 - FIXED-LENGTH DATA ELEMENTS
- fixed length control field: 180307|| aca||aabn | a|a d
040 ## - CATALOGING SOURCE
- Original cataloging agency: ARRUPE
- Transcribing agency: ARRUPE
100 ## - HEADING--PERSONAL NAME
- Personal name: Wills, W.A
670 ## - SOURCE DATA FOUND
- Source citation: Work cat.: (ARRUPE)32538: Wills, W.A, The Downfall of Lobengula /, 1971